Docentes e-competentes : (Record no. 177169)

MARC details
000 -CABECERA
campo de control de longitud fija 00705nam a2200217 u 4500
005 - FECHA Y HORA DE LA ÚLTIMA TRANSACCIÓN
campo de control 20250924063905.0
008 - ELEMENTOS DE LONGITUD FIJA--INFORMACIÓN GENERAL
campo de control de longitud fija 150811s2011 r 000 0 eng d
020 ## - NÚMERO INTERNACIONAL NORMALIZADO PARA LIBROS
Número Internacional Estándar del Libro 9788499211596
035 ## - NÚMERO DE CONTROL DEL SISTEMA
Número de control de sistema UPN01000205068
049 ## - COLECCIÓN
Colección CG
050 #4 - SIGNATURA TOPOGRÁFICA DE LA BIBLIOTECA DEL CONGRESO
Número de clasificación LB1028.35
Número de documento/Ítem D6.2
245 00 - MENCIÓN DE TÍTULO
Título Docentes e-competentes :
Resto del título buenas prácticas educativas con TIC /
Mención de responsabilidad, etc. coord. Jesús Valverde Berrocoso.
260 ## - PUBLICACIÓN, DISTRIBUCIÓN, ETC.
Lugar de publicación, distribución, etc. Barcelona, Esp. :
Nombre del editor, distribuidor, etc. Octaedro,
Fecha de publicación, distribución, etc. 2011.
300 ## - DESCRIPCIÓN FÍSICA
Extensión 126 p. :
Otras características físicas tablas
440 #0 - MENCIÓN DE SERIE/ASIENTO SECUNDARIO--TÍTULO
Título Universidad.
Nombre de parte o sección de la obra Pedagogía
650 #4 - ASIENTO SECUNDARIO DE MATERIA - TERMINO TEMATICO
Término de materia o nombre geográfico como elemento de entrada Tecnología educativa
9 (RLIN) 4978
650 #4 - ASIENTO SECUNDARIO DE MATERIA - TERMINO TEMATICO
Término de materia o nombre geográfico como elemento de entrada Tecnologías de la información y comunicación
9 (RLIN) 21219
700 1# - ASIENTO SECUNDARIO--NOMBRE DE PERSONAL
Nombre de persona Valverde Berrocoso, Jesús,
Término indicativo de función/relación coord.
905 ## - TIPO DE MATERIAL
Tipo de material Libro
Holdings
Estado de retiro Estado de pérdida Fuente del sistema de clasificación o colocación Estado dañado No para préstamo Código de colección Localización permanente Ubicación/localización actual Ubicación en estantería Total de préstamos Clasificación Código de barras Fecha visto por última vez Número de copia Tipo de ítem Koha
    Library of Congress Classification     Colección General Bib. Gregorio Torres Quintero Bib. Gregorio Torres Quintero Planta baja   LB1028.35 D6.2 303602 31/12/2020 1 Libro
    Library of Congress Classification     Colección General Bib. Gregorio Torres Quintero Bib. Gregorio Torres Quintero Planta baja 2 LB1028.35 D6.2 303601 31/12/2020 1 Libro